• 首页
  • 本馆介绍
  • 公告通知
  • 最新文献
  • 馆藏检索
  • 电子资源
  • 读者导购
  • 参考咨询
  • 我的图书馆
  • 登录
  • 详细信息显示
  • 放入我的书架
  • 预约/预借图书
  • 作者相关作品
  • 分类相关作品
  • 丛书相关作品
  • 出版社相关作品

书目信息

  • 表格格式
  • 工作单格式
  • 卡片格式
题名:
诗意的舞蹈
    
 
作者: 林雪芹 著
分册:  
出版信息: 北京   文化发展出版社  2021
页数: 195页
开本: 23cm
丛书名:
单 册:
中图分类: G63-53 , G63
科图分类:
主题词: 中学教育--文集
电子资源:
ISBN: 978-7-5142-3349-0
000 00947nam0 2200253 450
001 2359950668
005 20231130164026.89
010    @a978-7-5142-3349-0@dCNY45.00
010    @a北京@c文化发展出版社@d2021
100    @a20210507d2021 em y0chiy50 ea
101 0  @achi
102    @aCN@b110000
105    @ay z 000yy
200 0  @a诗意的舞蹈@Ashi yi de wu dao@e一位乡村女教师的初心坚守@f林雪
210    @a北京@c文化发展出版社@d2021
215    @a195页@d23cm
330    @a本书收入了林老师在德育、教研、教学等方面的文章,包括《教育不只眼前的苟且》《构建“景、情、理”的纯美世界》《如何阅读鉴赏小说》等。其中“从教心路”一辑,为读者展示了一位乡村女教师的初心坚守历程。
517 1  @a一位乡村女教师的初心坚守@Ayi wei xiang cun nv jiao shi de chu xin jian shou
606 0  @a中学教育@j文集
690    @aG63-53@v5
690    @aG63@v4
701  0 @a林雪芹@Alin xue qin@c(女)@f(1975-)@4著
801  0 @aCN@b91MARC@c20210808
905    @aZUCC@dG63@e46
    
    诗意的舞蹈:一位乡村女教师的初心坚守/林雪.-北京:文化发展出版社,2021
    195页;23cm
    
    
    ISBN 978-7-5142-3349-0:CNY45.00
    本书收入了林老师在德育、教研、教学等方面的文章,包括《教育不只眼前的苟且》《构建“景、情、理”的纯美世界》《如何阅读鉴赏小说》等。其中“从教心路”一辑,为读者展示了一位乡村女教师的初心坚守历程。
●
相关链接 在五车中查询图书 在当当中查询图书 在豆瓣中查询图书


正题名:诗意的舞蹈     索取号:G63/46         预约/预借

序号 登录号 条形码 馆藏地/架位号 状态 备注
1 2001252469   2001252469   辽宁北方(第一批)/辽宁北方(第一批)/4/ [索取号:G63/46] 在馆    
2 2001252470   2001252470   辽宁北方(第一批)/辽宁北方(第一批)/4/ [索取号:G63/46] 在馆    
3 2001252471   2001252471   辽宁北方(第一批)/辽宁北方(第一批)/4/ [索取号:G63/46] 在馆    
4 2001252472   2001252472   辽宁北方(第一批)/辽宁北方(第一批)/4/ [索取号:G63/46] 在馆    
5 2001252473   2001252473   辽宁北方(第一批)/辽宁北方(第一批)/4/ [索取号:G63/46] 在馆    
6 2001252474   2001252474   辽宁北方(第一批)/辽宁北方(第一批)/4/ [索取号:G63/46] 在馆    
山东省滨州职业学院图书馆 欢迎您!
大连网信软件有限公司© 版权所有